• 首页
  • 本馆介绍
  • 公告通知
  • 最新文献
  • 馆藏检索
  • 电子资源
  • 读者导购
  • 参考咨询
  • 我的图书馆
  • 登录
  • 详细信息显示
  • 放入我的书架
  • 预约/预借图书
  • 作者相关作品
  • 分类相关作品
  • 丛书相关作品
  • 出版社相关作品

书目信息

  • 表格格式
  • 工作单格式
  • 卡片格式
题名:
天线与电波传播
    
 
作者: 宋铮 , 张建华 , 黄冶 编著
分册:  
出版信息: 西安   西安电子科技大学出版社  2016.04
页数: 292页
开本: 26cm
丛书名:
单 册:
中图分类: TN82 , TN011
科图分类:
主题词: 天线--高等学校--教材 , 电波传播--高等学校--教材
电子资源:
ISBN: 978-7-5606-4056-3
000 01159nam0 2200325 450
001 0120161844313
005 20170515095349.48
010    @a978-7-5606-4056-3@dCNY36.00
100    @a20160512d2016 em y0chiy50 ea
101 0  @achi
102    @aCN@b610000
105    @aak z 000yy
106    @ar
200 1  @a天线与电波传播@9tian xian yu dian bo chuan bo@f宋铮,张建华,黄冶编著
205    @a3版
210    @a西安@c西安电子科技大学出版社@d2016.04
215    @a292页@c图@d26cm@e1光盘
300    @a高等学校信息工程类“十二五”规划教材
307    @a附光盘:ISBN 978-7-900772-53-4
330    @a本书围绕天线与电波传播两大内容展开。全书共14章。前9章为天线部分,各章内容分别为:天线基础知识、简单线天线、行波天线等;后5章为电波传播部分,各章内容分别为:电波传播的基础知识、地面波传播、天波传播等。
333    @a高校电子与通信类专业师生
606 0  @a天线@x高等学校@j教材
606 0  @a电波传播@x高等学校@j教材
690    @aTN82@v5
690    @aTN011@v5
701  0 @a宋铮@9song zheng@4编著
701  0 @a张建华@9zhang jian hua@4编著
701  0 @a黄冶@9huang ye@4编著
801  0 @aCN@b人天书店@c20160512
905    @b990142-45@dTN82@e32=3@f4
    
    天线与电波传播/宋铮,张建华,黄冶编著.-3版.-西安:西安电子科技大学出版社,2016.04
    292页:图;26cm+1光盘
    高等学校信息工程类“十二五”规划教材.-使用对象:高校电子与通信类专业师生
    
    ISBN 978-7-5606-4056-3:CNY36.00
    本书围绕天线与电波传播两大内容展开。全书共14章。前9章为天线部分,各章内容分别为:天线基础知识、简单线天线、行波天线等;后5章为电波传播部分,各章内容分别为:电波传播的基础知识、地面波传播、天波传播等。
●
相关链接 在E读中查询图书 在五车中查询图书 在当当中查询图书 在豆瓣中查询图书


正题名:天线与电波传播     索取号:TN82/32=3         预约/预借

序号 登录号 条形码 馆藏地/架位号 状态 备注
1 990142   209901427   第二样本阅览室/ [索取号:TN82/32=3] 在馆    
2 990143   209901436   第三借阅区/ [索取号:TN82/32=3] 在馆    
3 990144   209901445   第三借阅区/ [索取号:TN82/32=3] 在馆    
4 990145   209901454   密集书库-文学院/ [索取号:TN82/32=3] 在馆    
唐山师范学院图书馆 欢迎您!
大连网信软件有限公司© 版权所有